000 00437nam a2200181Ia 4500
001 18391
003 IN-NITTTR
005 20251114233214.0
008 251113s9999||||xx |||||||||||||| ||eng||
040 _beng
040 _cIN-NITTTR
041 _aeng
082 _a657 N56A
100 _aNigam, B. M. Lall
245 0 _aAdvanced cost accounting. /
_cNigam, B. M. Lall, Sharma, G. L.
700 _a Sharma, G. L.
942 _2ddc
_cBK
999 _c21025
_d21025